[Event "TUR-chT 2nd League"]
[Site "Konya"]
[Date "2019.07.24"]
[Round "4.13"]
[White "Inac, Fatma Yaren"]
[Black "Aydin, Asiye Gul"]
[Result "0-1"]
[WhiteElo "1032"]
[BlackElo "1271"]
[PlyCount "72"]
[EventDate "2019.07.22"]
[EventType "team-swiss"]
[EventRounds "9"]
[EventCountry "TUR"]
[SourceTitle "CBM 191 Extra"]
[Source "ChessBase"]
[SourceDate "2019.09.30"]
[SourceVersion "1"]
[SourceVersionDate "2019.09.30"]
[SourceQuality "1"]
[WhiteTeam "Ceylanpinar Genclik"]
[BlackTeam "Seviye Dernegi"]
[WhiteTeamCountry "TUR"]
[BlackTeamCountry "TUR"]

1. d4 d5 2. Nf3 Nf6 3. Bf4 Bf5 4. Nc3 e6 5. a3 a6 6. e3 Nbd7 7. Bd3 Ne4 8. Bxe4 Bxe4 9. 0-0 Bd6 10. Bg3 0-0 11. Nxe4 dxe4 12. Ne5 f6 13. Nc4 Bxg3 14. hxg3 c6 15. f3 Nb6 16. Nd2 Qc7 17. Kf2 exf3 18. gxf3 e5 19. c3 Qf7 20. Rh1 Rae8 21. Qc2 h6 22. Rh4 f5 23. g4 Qf6 24. Rah1 Qe6 25. g5 exd4 26. e4 hxg5 27. Rh5 fxe4 28. Nxe4 Qxe4 29. Qxe4 Rxe4 30. cxd4 Rxd4 31. Rxg5 Rdf4 32. Rg3 Nc4 33. Rhg1 R8f7 34. b3 Ne5 35. Ke3 Rxf3+ 36. Rxf3 Nxf3 0-1

[Event "TUR-chT 2nd League"]
[Site "Konya"]
[Date "2019.07.23"]
[Round "3.8"]
[White "Goksu, Beyza"]
[Black "Inac, Fatma Yaren"]
[Result "1-0"]
[WhiteElo "1107"]
[BlackElo "1032"]
[PlyCount "55"]
[EventDate "2019.07.22"]
[EventType "team-swiss"]
[EventRounds "9"]
[EventCountry "TUR"]
[SourceTitle "CBM 191 Extra"]
[Source "ChessBase"]
[SourceDate "2019.09.30"]
[SourceVersion "1"]
[SourceVersionDate "2019.09.30"]
[SourceQuality "1"]
[WhiteTeam "Ego Spor"]
[BlackTeam "Ceylanpinar Genclik"]
[WhiteTeamCountry "TUR"]
[BlackTeamCountry "TUR"]

1. e4 g6 2. Nf3 Bg7 3. Nc3 d6 4. d3 Nf6 5. h3 0-0 6. Be3 e5 7. Qd2 Be6 8. Bh6 c6 9. g4 Nbd7 10. Ne2 d5 11. Bxg7 Kxg7 12. Ng3 Qc7 13. g5 Ne8 14. h4 f5 15. exf5 Bxf5 16. Nxf5+ Rxf5 17. Bg2 Nd6 18. 0-0-0 Raf8 19. Rh3 e4 20. Nd4 Re5 21. dxe4 Nxe4 22. Bxe4 Rxe4 23. Re3 Qd6 24. Rxe4 dxe4 25. Nf5+ Rxf5 26. Qxd6 Ne5 27. Qe7+ Rf7 28. Qxe5+ 1-0

[Event "TUR-chT 2nd League"]
[Site "Konya"]
[Date "2019.07.23"]
[Round "2.12"]
[White "Inac, Fatma Yaren"]
[Black "Catalkaya, Emine Damla"]
[Result "0-1"]
[WhiteElo "1032"]
[BlackElo "1181"]
[PlyCount "92"]
[EventDate "2019.07.22"]
[EventType "team-swiss"]
[EventRounds "9"]
[EventCountry "TUR"]
[SourceTitle "CBM 191 Extra"]
[Source "ChessBase"]
[SourceDate "2019.09.30"]
[SourceVersion "1"]
[SourceVersionDate "2019.09.30"]
[SourceQuality "1"]
[WhiteTeam "Ceylanpinar Genclik"]
[BlackTeam "Hayat Genclik"]
[WhiteTeamCountry "TUR"]
[BlackTeamCountry "TUR"]

1. d4 Nf6 2. Nf3 d5 3. Bf4 g6 4. Nc3 Bg7 5. e3 Nbd7 6. Bd3 0-0 7. 0-0 c6 8. Re1 Nh5 9. Qd2 Nxf4 10. exf4 Nf6 11. Ne5 Qb6 12. Bf1 Bf5 13. Na4 Qc7 14. Bd3 Ne4 15. Bxe4 Bxe4 16. Nc3 Bf5 17. Re2 Rfe8 18. Rae1 f6 19. Nf3 Bg4 20. Re3 Qxf4 21. Rxe7 Qxd2 22. Nxd2 Kf8 23. Rxe8+ Rxe8 24. Rxe8+ Kxe8 25. Na4 Bd1 26. Nc5 b6 27. Ncb3 Bxc2 28. Kf1 Bh6 29. Nf3 Bxb3 30. axb3 Bc1 31. Ke2 Bxb2 32. Kd2 Kd7 33. Kc2 Ba3 34. Kc3 c5 35. g3 cxd4+ 36. Nxd4 a6 37. b4 Bc1 38. Ne2 Bh6 39. Kd4 Kd6 40. Nc3 f5 41. Na4 Bg7+ 42. Kd3 Kc6 43. f3 Kb5 44. Nc3+ Bxc3 45. Kxc3 d4+ 46. Kxd4 Kxb4 0-1